El pequeño larousse ilustrado

Guardado en:
Formato: Libro
Publicado: México : Larousse, 2010
Edición:17a. ed.
Materias:
Etiquetas: Agregar Etiqueta
Sin Etiquetas, Sea el primero en etiquetar este registro!
LEADER 00525nam a22001935a 4500
001 CEM.cems017467
005 20110428090544.0
008 130507s2010##################000#0#####d
003 CEMS
020 |a 9786070400186 
082 0 4 |a C036 
245 0 0 |a El pequeño larousse ilustrado 
250 |a 17a. ed. 
260 |a México :  |b Larousse,  |c 2010 
300 |a 1825 p. 
500 |a Diccionario enciclopédico 
653 |a Diccionarios 
653 |a Español-diccionario 
859 |a CEMS  |b BIB. CEMS - Agricultura  |h C036  |i L328  |p A1237.11  |t Ej.1